| 000 | 00733nam a22001937a 4500 | ||
|---|---|---|---|
| 005 | 20180115154952.0 | ||
| 010 | _aUR-10023 | ||
| 020 |
_c150.00 _a- |
||
| 035 | _aU-8578 | ||
| 037 | _bDBAD/PUB | ||
| 100 | _aمحمد نعما ن علی | ||
| 245 |
_a فر ہنگ ا صطلا حا ت _cمحمد نعما ن علی |
||
| 246 |
_bFarhang-e-Istelahat _aby Mohd. Noman Ali |
||
| 260 |
_aHaiderabad _bUrdu Translation Academy, _c2017 |
||
| 270 |
_a#12-2-790,Ayodhya Nagar Colony,Mehdipatnam, _bHaiderabad _e504001 _k+919704857188 _l- |
||
| 300 |
_a152ص _c22 Cm.(B.b) |
||
| 500 | _aدو حصہ | ||
| 942 |
_2ddc _cUR _h500 _mم ح م |
||
| 999 |
_c149233 _d149233 |
||